000
00259nam a22001217a 4500
003
SGT
082
_a
746.44
_b
DON
100
_a
DONNA, KOOLERY
245
_a
555 CHRISMAS CROSS STITCH DESIGN
260
_b
STERLNG PUB.
_c
1999
300
_a
128
942
_2
ddc
_c
BK
999
_c
13429
_d
13429